000 00595cam a2200169 i 4500
005 20251204125514.0
008 250721s2017 ua gr 000 0 ara d
020 _a9789776541559
082 1 4 _a214.5
_bع ا ن
100 1 _aالعاني، محمد صالح
_eمؤلف.
245 1 2 _aالقيامة أرضية أم كونية وقضايا أخرى /
_cمحمد صالح العاني.
264 3 1 _bعصير الكتب ببنشر والتوزيع،
_c2017.
_a[ القاهرة] :
300 _a219 صفحة.
650 1 7 _aاليوم الاخر.
942 _2ddc
_cBK
999 _c138179
_d138179